| 000 | 00472nam a2200169 4500 | ||
|---|---|---|---|
| 999 |
_c168978 _d168978 |
||
| 005 | 20191101130716.0 | ||
| 010 | _aENG-126784 | ||
| 020 |
_a9789352101719 _c850.00 |
||
| 035 | _aEN-110316 | ||
| 037 | _bDBAD/PUB | ||
| 082 | _a726.1 | ||
| 245 | _aThe dawn of auroville 1964-1973 | ||
| 260 |
_aPondicherry _bSri Aurobindo Ashram Publication _c2019 |
||
| 270 |
_aPondicherry _e605002 |
||
| 300 |
_a236p. _c26cm(Hb) _bill. |
||
| 942 |
_2ddc _cEN _h726.1 _mDAW |
||